000
00278nam a2200121Ia 4500
008
191201s2010 xx 000 0 und d
100
_a
GOPAL, C Rama
245
0
_a
Management of Financial
260
_a
N. Delhi
_b
Vikas
_c
2010
300
_a
569
650
_a
BBA
942
_2
ddc
_c
BK
999
_c
6068
_d
6068